000 00503nam a2200193Ia 4500
008 170918s9999 xx 000 0 und d
020 _a9780545796064
050 _bG984my 2014
100 _aGutman, Dan
245 _aBack to school, weird kids rule! /
245 _cby Dan Gutman ; pictures by Jim Paillot.
260 _aNew York :
260 _bScholastic,
260 _c2014
300 _a106 pages :
300 _billustrations :
300 _c19cm.
300 _eMy weird school special.
999 _c344143
_d344143